000 00883cab a22002175a 4500
001 L143438
008 080508e20080503xxk f 000 0 eng d
035 _a(Sirsi) u143438
041 0 _aeng
100 1 _aPilkington, Lisa
245 0 0 _aFocus
_bEast Midlands update
260 _c2008
490 _aEstates Gazette
_v(0817) 3 May 2008, 137-153(8)
520 _aReports that although the investment market in the region has begun to stabilise, the effects of the credit crunch are clear to see. Recent downward price corrections appear to have remained. However many developments are still ongoing. Details regeneration projects in Nottingham, Leicester, Derby and Northampton.
590 _aKA
651 4 _aEast Midlands (England)
690 _aPROPERTY-COMMERCIAL PROPERTY-COMMERCIAL PROPERTY MARKET
700 1 _aMorrison, Adrian
700 1 _aCoyne, Andy
942 _n0
999 _c80175
_d80175